000 00772nam a2200205Ia 4500
001 7320
003 GE_BSU
008 181216s||||||||xx |||||||||||||| ||und||
040 _cGE_BSU
080 _a821.353.1-1
100 _aკაიშაური, რუსუდან
245 _aსახედრიდან მერნამდე.
245 _cპროექტის ავტორი: ნაირა გელაშვილი; გამოც. რედ.: ლეილა სიხარულიძე.
260 _aთბილისი.
260 _bკავკასიური სახლი.
260 _c2012.
300 _a112 გვ.; 20 სმ.
653 _aსახედრიდან მერნამდე.
942 _cBK
999 _c40685
_d40685